Cities of Illinois by Population - Statistics

General Stats
  • This quiz has been taken 195 times
  • The average score is 19 of 41
Answer Stats
Population City % Correct
2,695,598 Chicago
100%
116,250 Springfield
94%
197,899 Aurora
85%
152,871 Rockford
84%
115,007 Peoria
80%
141,853 Naperville
79%
147,433 Joliet
76%
81,055 Champaign
71%
74,486 Evanston
66%
108,188 Elgin
64%
76,610 Bloomington
60%
83,891 Cicero
59%
41,250 Urbana
56%
89,078 Waukegan
55%
76,122 Decatur
54%
74,227 Schaumburg
53%
75,101 Arlington Heights
50%
51,878 Oak Park
48%
52,497 Normal
45%
64,784 Skokie
45%
76,366 Bolingbrook
38%
43,483 Moline
37%
58,364 Des Plaines
36%
56,767 Orland Park
36%
56,703 Tinley Park
36%
43,862 DeKalb
34%
47,833 Downers Grove
33%
68,557 Palatine
33%
56,657 Berwyn
32%
56,690 Oak Lawn
32%
52,894 Wheaton
31%
40,633 Quincy
30%
44,121 Elmhurst
22%
41,496 Buffalo Grove
21%
44,692 Glenview
21%
51,895 Hoffman Estates
19%
44,478 Belleville
18%
40,743 Crystal Lake
17%
43,165 Lombard
17%
54,167 Mount Prospect
17%
41,208 Bartlett
6%
No matching quizzes found
Score Distribution
Percent of People with Each Score
Percentile by Number Answered
Your Score History
You have not taken this quiz